| 000 | 01595nam a22003617a 4500 | ||
|---|---|---|---|
| 003 | DO-SdBNP | ||
| 005 | 20230524120256.0 | ||
| 007 | ta | ||
| 008 | 940222s2013 dr a j 000 0 spa d | ||
| 020 | _a9789945465150 | ||
| 020 | _a9789945465464 (v. 4) | ||
| 040 |
_aDO-SdBNP _bspa _cBPMSU |
||
| 082 | 4 |
_a808.83 _bC965v 2013 _222 |
|
| 245 | 0 | 0 |
_aCuentos de valores para campeones / _ccompilación Josefina Jiménez ; ilustraciones Guillermo Nolasco |
| 246 | 1 | 4 | _aCuentos de valores para campeon@s |
| 260 |
_aSanto Domingo: _bEdiciones CP, _c2013. |
||
| 300 |
_a4 v. : _bil. ; _c21 cm. |
||
| 490 | 0 | _aCuentos universales | |
| 500 | _a | ||
| 505 | 0 |
_gv. 1: _tValor: bondad -- _tValor: honestidad -- _tValor: respeto -- _tValor: responsabilidad -- _tValor: agradecimiento -- _tValor: amabilidad -- _tValor: obediencia -- _tValor: generosidad / |
|
| 505 | 0 |
_gv. 2 : _tValor: servicio / colaboración -- _tValor: valentía -- _tValor: amistad -- _tValor: perdón / |
|
| 505 | 0 |
_gv. 3 : _tActitud positiva -- _tTolerancia -- _tHumildad -- _tValentía -- _tAmor -- _tResponsabilidad -- _tOptimismo -- _tAutoestima / |
|
| 505 | 0 |
_gv. 4 : _tPaciencia -- _tHonestidad -- _tColaboración -- _tPerdón -- _tFidelidad -- _tBondad -- _tPrudencia / |
|
| 590 | _aInventariado, 2022 / YL | ||
| 650 | 4 |
_aCuentos infantiles _vColeccioens |
|
| 650 | 4 |
_aAnimales _vCuentos infantiles |
|
| 650 | 4 |
_aValores sociales _vCuentos infantiles. |
|
| 700 | 1 |
_aJiménez, Josefina _eComp. |
|
| 700 | 1 |
_aNolasco, Guillermo _eil. |
|
| 700 | 1 |
_aVíctor Manuel _eil. |
|
| 910 | _a VMateo V. Control de calidad (BPMSU) | ||
| 942 |
_2ddc _cBK |
||
| 999 |
_c14393 _d14393 |
||